01379naa a22003497a 4500001001000000003000900010005001700019007000300036008003400039040005400073041000900127072002600136090001800162100002000180100001600200100001400216111008200230245015200312260003800464500011000502650001000612650001400622650001200636650003100648650001200679650001300691773010700704909003600811942001400847999001900861952014900880BR7900239BR-BrBNA20240918174305.0ta230509b bl.||||| |||| 00| 0 por d aBR-BrBNAbporcBiblioteca Nacional de Agricultura a(Pt) aF30b0120bGZ74bG514 aF30 BR79002391 aBatista, L.A.R.1 aDuque, F.F.1 aSilva, J.1 a11. Reuniao Brasileira de Milho e SorgocPiracicaba, SP (Brazil)d26 Jul 19761 aResultados preliminares sobre o comportamento de cultivares e hibridos de milho normal em solos de cerrado na regiao de Brasilia [Zea mays, Brasil]3 aPiracicaba, SP (Brasil): c1978.  aAnais da 11. Reuniao Brasileira de Milho e Sorgo Piracicaba, SP (Brasil): 1978. p. 173 (BR7900239-AM)F30  aMILHO aVARIEDADE aHIBRIDO aCOMPORTAMENTO DE VARIEDADE aCERRADO aBRASILIA0 tAnais da 11. Reuniao Brasileira de Milho e SorgowF30 BR7900239gPiracicaba, SP (Brasil), 1978. p. 173 a202404bLuciac55dLucia Elande cAM2AGRIS c310154d310154 002AGRIS40708Acervo Gerala41918b41918cAgrobasel0o0120 BR7900214r2024-05-20t01yAM10d2024-04-11ePortaria Interministerial nÂș 164/94